000 00566nam a22001817a 4500
999 _c162914
_d162914
005 20190323162634.0
010 _aENG-124920
020 _c150.00
_a9789350578018
035 _aEN-108452
037 _bDBAD/PUB
082 _a615.852
100 _aShukla, Ramesh Chandra
245 _aA handbook of Reiki:
_bby Ramesh Chandra Shukla
_cHealth & welness through reiki/
260 _aNew Delhi
_bV&S Publishers
_c2017
270 _aF-2/16, Ansari Road, Daryaganj
_bNew Delhi
_e110002
300 _a60p.
_c21cm(pbk)
942 _2ddc
_cEN
_mSHU
_h615.852